Tiny Almost Useless Trivia IX Quiz Stats

Quiz Updated Nov 12, 2015

Challenge
Share
Tweet
Embed
Score 0/15 Timer 03:00
12 Plays Today
Question Answer % Correct
Who was the first President of the United States?George Washington
95.9%
What is the name of a positively charged particle found in an atom's nucleus?proton
84.7%
What singer-actress, who was married to Bobby Brown, died an untimely death at the age of 48 in 2012?Whitney Houston
83.7%
What is a toasted cube of bread used in a salad called?crouton
82.8%
What court game is played with a light long-handled racket and a shuttlecock?badminton
82.7%
What word can fill in each of these blanks: panic ___, belly ___, and ___ man?button
66.8%
Can you complete this language analogy: veal is to beef, as lamb is to ___?mutton
61.5%
What is the capital of New Zealand?Wellington
56.2%
Question Answer % Correct
What 'Layla' singer was a key member in bands such as the Yardbirds, Derek and the Dominoes, and Cream?Eric Clapton
55.8%
What Pennsylvania city is home to the US version of 'The Office'?Scranton
53.8%
What author wrote 'Jurassic Park' and 'The Andromeda Strain'?Michael Crichton
51.8%
What demigod and son of Poseidon is also portrayed as the father of the Little Mermaid?Triton
47.2%
What actor played James Bond in 'Licence to Kill' and 'The Living Daylights'?Timothy Dalton
41.6%
In the Mario universe, Dry Bones is a creature that is just what part of a Koopa Troopa?skeleton
40.8%
What material, that comes from the boll of a plant, is the traditional 2nd anniversary gift?cotton
39.1%

You're not logged in!

Compare scores with friends on all Sporcle quizzes.
Sign Up with Email
OR
Log In

You Might Also Like...

Show Comments

Extras

Top Quizzes Today


Score Distribution

Your Account Isn't Verified!

In order to create a playlist on Sporcle, you need to verify the email address you used during registration. Go to your Sporcle Settings to finish the process.